Govt. of
Madhya Pradesh

The princess of Wales Sarasrati Bhavana Sudies (Record no. 34426)

MARC details
000 -LEADER
fixed length control field 004810000a22001690004500
003 - CONTROL NUMBER IDENTIFIER
control field MACL
005 - DATE AND TIME OF LATEST TRANSACTION
control field 20160803131139.0
008 - FIXED-LENGTH DATA ELEMENTS--GENERAL INFORMATION
fixed length control field 160803b xxu||||| |||| 00| 0 eng d
040 ## - CATALOGING SOURCE
Original cataloging agency MACL
Transcribing agency MACL
041 ## - LANGUAGE CODE
Language code of text/sound track or separate title English
082 ## - DEWEY DECIMAL CLASSIFICATION NUMBER
Classification number 934 KAV
100 ## - MAIN ENTRY--PERSONAL NAME
Personal name Kaviraja, Gopi Natha
9 (RLIN) 23533
245 ## - TITLE STATEMENT
Title The princess of Wales Sarasrati Bhavana Sudies
Statement of responsibility, etc. Gopi Nath Kaviraja
260 ## - PUBLICATION, DISTRIBUTION, ETC. (IMPRINT)
Name of publisher, distributor, etc. Government Sanskrit Library
Date of publication, distribution, etc. 1929
Place of publication, distribution, etc. Benaras
650 ## - SUBJECT ADDED ENTRY--TOPICAL TERM
Topical term or geographic name as entry element History
9 (RLIN) 66017
942 ## - ADDED ENTRY ELEMENTS (KOHA)
Koha item type Books
Call number prefix 954/kav
Source of classification or shelving scheme
Holdings
Withdrawn status Lost status Source of classification or shelving scheme Damaged status Not for loan Home library Current library Date acquired Total Checkouts Full call number Barcode Date last seen Uniform Resource Identifier Price effective from Koha item type
          MACL MACL 15/04/2015   954 KAV CLE006562 29/04/2015 34630 15/04/2015 Books